000 03353cam a22011894i 4500
003 PE-LiUPU
005 20250813185419.0
008 150623s r 000 0 d
035 _a(Sirsi) a24879
040 _aPE-LiUPU
_bspa
_cPE-LiUPU
_erda
082 0 4 _a379.154
_bA694h
_223
100 1 _aArguelles, Antonio,
_eautor.
245 1 0 _aHacia la reingeniería educativa :
_bel caso Conalep /
_cAntonio Argüelles.
264 1 _aMéxico, DF :
_bEditorial Limusa, Grupo Noriega Editores,
_c1999.
300 _a232 páginas :
_bilustraciones, cuadros, gráficos ;
_c23 centímetros.
336 _atext
_2rdacontent
337 _aunmediated
_2rdamedia
338 _avolume
_2rdacarrier
490 0 _a(Colección reflexión y análisis)
504 _aIncluye bibliografía.
505 0 _aEl contexto del cambio de las organizaciones y la experiencia mexicana -- Tendencias actuales de los proyectos de modernización de la administración pública - Experiencias de modernización administrativa en México - Estrategias de modernización de la administración pública y del sector educativo -- Plan rector de modernización -- Planeación estratégica de la institución la misión, la visión, los objetivos y las metas institucionales -- Planeación estratégica de la institución: el diagnóstico estratégico -- Definición de la cultura institucional -- El modelo de reingeniería del Conalep -- Sistemas de soporte al cambio -- Plan maestro de instrumentación.
526 _aP202
526 _aP201
526 _aP163
526 _aP162
526 _aP161
526 _aP160
526 _aP148
526 _aP147
526 _aP146
526 _aP145
526 _aP144
526 _aP143
526 _aP142
526 _aP141
526 _aP140
526 _aP139
526 _aP138
526 _aP137
526 _aP136
526 _aP135
526 _aP134
526 _aP133
526 _aP129
526 _aP128
526 _aP127
526 _aP120
526 _aP119
526 _aP118
526 _aP116
526 _aP115
526 _aP114
526 _aP110
526 _aP109
526 _aP108
526 _aP104
526 _aP103
526 _aP102
526 _aP99
526 _aP98
526 _aP97
526 _aP96
526 _aP95
526 _aP93
526 _aP90
526 _aP89
526 _aP88
526 _aP83
526 _aP82
526 _aP62
526 _aP59
526 _aP58
526 _aP57
526 _aP51
526 _aP49
526 _aP48
526 _aP47
526 _aP29
526 _aP24
526 _aP20
526 _aP19
526 _aP17
526 _aP15
526 _aP14
526 _aP12
526 _aP10
526 _aP09
526 _aP08
526 _aP07
526 _aP06
526 _aP05
526 _aP04
526 _aP01
610 0 _aColegio Nacional de Educación Profesional Técnica (México)
_91875
650 0 _aReingeniería (Educación)
_91873
650 0 _aEducación pública
_zMéxico
_91874
651 0 _aMéxico
_xAdministración pública
_91876
700 1 _aGómez Mandujano, José Antonio.
_eautor
942 _2ddc
_cBK
980 _81
_gALBERTO SANCHEZ Responsable de Automatización
999 _c28423
_d28423